Najdôležitejšie veci ako prvé : ako zosúladiť pracovné povinnosti so životnými prioritami /
Gespeichert in:
| Hauptverfasser: | , , |
|---|---|
| Format: | Buch |
| Sprache: | Slowakisch |
| Veröffentlicht: |
Bratislava
Eastone Books
2014
|
| Ausgabe: | 1. vyd. |
| Schlagworte: | |
| Tags: |
Keine Tags, Fügen Sie das erste Tag hinzu!
|
MARC
| LEADER | 00000nam a22000003a 4500 | ||
|---|---|---|---|
| 001 | 0070052 | ||
| 003 | SK-STU | ||
| 005 | 20211022123951.9 | ||
| 007 | ta | ||
| 008 | 181219s ----xo-----e------000-0-----d | ||
| 020 | |a 978-80-8109-257-2 | ||
| 040 | |a STU |b slo | ||
| 041 | 0 | |a slo | |
| 044 | |a xo | ||
| 100 | 1 | |a Covey, Stephen R. |4 aut | |
| 245 | 1 | 0 | |a Najdôležitejšie veci ako prvé : |b ako zosúladiť pracovné povinnosti so životnými prioritami / |c aut. Stephen R Covey, A. Roger Merill, Rebecca R Merill |
| 250 | |a 1. vyd. | ||
| 260 | |a Bratislava |b Eastone Books |c 2014 | ||
| 300 | |a 350 s. | ||
| 650 | 0 | 7 | |a manažment |
| 650 | 0 | 7 | |a osobný rozvoj |
| 700 | 1 | |a Merill, A. Roger |4 aut | |
| 700 | 1 | |a Merill, Rebecca R. |4 aut | |
| 996 | |b 284M088087 |c M* 14221-1 |l MMST |s A |a 24 |w 0070052_0001 | ||
| 996 | |b 284M088861 |c M* 14224-2 |l MMST |s A |a 24 |w 0070052_0002 | ||